V nepřátelském táboře /

Hlavní autor: Korbel, Josef, 1907-2002
Další autoři: Watson-Jones, Eva, Korbel, Josef, 1907-2002., Korbel, Josef, 1907-2002.
Jazyk: Čeština
Vydáno: [Praha] : Armáda spásy, 2019
Vydání: První vydání
Témata:
Fyzický popis: 201 stran, 16 nečíslovaných stran obrazových příloh : ilustrace (některé barevné), portréty ; 21 cm
Knihy
Uloženo v:
LEADER 02838nam a2200697 i 4500
001 nkc20193124958
003 CZ PrNK
005 20191209105412.0
007 ta
008 190829s2019 xr acf e 000 0acze
015 |a cnb003124958 
020 |a 978-80-905801-1-4  |q (brožováno) 
035 |a (OCoLC)1130266842 
040 |a OLA001  |b cze  |d ABA001  |e rda 
041 1 |a cze  |h eng 
043 |a e-xr---  |a n-us--- 
045 |a x0y0 
072 7 |a 322  |x Politika a náboženství. Vztahy mezi církví a státem  |2 Konspekt  |9 15 
072 7 |a 929  |x Biografie  |2 Konspekt  |9 8 
080 |a 364-32-051  |2 MRF 
080 |a 323.28-051  |2 MRF 
080 |a 314.151.3-054.7  |2 MRF 
080 |a 27-674.5  |2 MRF 
080 |a 343.819  |2 MRF 
080 |a 929  |2 MRF 
080 |a (437.3)  |2 MRF 
080 |a (0:82-94)  |2 MRF 
100 1 |a Korbel, Josef,  |d 1907-2002  |7 jn20000728308  |4 aut 
245 1 0 |a V nepřátelském táboře /  |c Josef Korbel ; z anglických originálů přeložila Eva Watson-Jones 
250 |a První vydání 
264 1 |a [Praha] :  |b Armáda spásy,  |c 2019 
300 |a 201 stran, 16 nečíslovaných stran obrazových příloh :  |b ilustrace (některé barevné), portréty ;  |c 21 cm 
336 |a text  |b txt  |2 rdacontent 
337 |a bez média  |b n  |2 rdamedia 
338 |a svazek  |b nc  |2 rdacarrier 
505 0 0 |t V nepřátelském táboře --  |t Když se otevřely brány 
600 1 7 |a Korbel, Josef,  |d 1907-2002  |7 jn20000728308  |2 czenas 
610 2 7 |a Armáda spásy České republiky  |7 kn20010711023  |2 czenas 
648 7 |a 20.-21. století  |7 ch462155  |2 czenas 
648 7 |a 1948-1968  |7 ch460677  |2 czenas 
648 4 |a 1907-2002 
650 0 7 |a charitativní pracovníci  |7 ph121155  |z Česko  |y 20.-21. století  |2 czenas 
650 0 7 |a političtí vězni  |7 ph124262  |z Česko  |y 1948-1968  |2 czenas 
650 0 7 |a emigranti  |7 ph296988  |z Spojené státy americké  |2 czenas 
650 0 7 |a náboženská perzekuce  |7 ph117342  |z Česko  |y 1948-1968  |2 czenas 
650 0 7 |a pracovní tábory  |7 ph115874  |z Česko  |y 1948-1968  |2 czenas 
650 0 9 |a charity workers  |z Czechia  |y 20th-21st centuries  |2 eczenas 
650 0 9 |a political prisoners  |z Czechia  |y 1948-1968  |2 eczenas 
650 0 9 |a emigrants  |z United States  |2 eczenas 
650 0 9 |a religious persecution  |z Czechia  |y 1948-1968  |2 eczenas 
650 0 9 |a forced labour camps  |z Czechia  |y 1948-1968  |2 eczenas 
655 7 |a autobiografické vzpomínky  |7 fd131854  |2 czenas 
655 9 |a autobiographical reminiscences  |2 eczenas 
700 1 |a Watson-Jones, Eva  |4 trl 
700 1 2 |a Korbel, Josef,  |d 1907-2002.  |t In my enemy's camp.  |l Česky 
700 1 2 |a Korbel, Josef,  |d 1907-2002.  |t When the gates were opened.  |l Česky 
910 2 |a BOA001  |b 2-1434.853 
990 |a BK 
995 |a 01 
991 |b 201911  |c NOV 
996 6 |b 2610803233  |c 2-1434.853  |l MZK  |r Sklad / do 1 hodiny  |n 0  |p p.v.  |w 001765263  |u 000010  |a 1  |e BOA001  |j MZK50  |s P